<?xml version="1.0" encoding="UTF-8"?>
<record
    xmlns:xsi="http://www.w3.org/2001/XMLSchema-instance"
    xsi:schemaLocation="http://www.loc.gov/MARC21/slim http://www.loc.gov/standards/marcxml/schema/MARC21slim.xsd"
    xmlns="http://www.loc.gov/MARC21/slim">

  <leader>04433cam a2200361   4500</leader>
  <controlfield tag="001">7613</controlfield>
  <controlfield tag="005">20181127183959.0</controlfield>
  <controlfield tag="008">060419s2007    njua     b    001 0 eng</controlfield>
  <datafield tag="010" ind1=" " ind2=" ">
    <subfield code="a">  2006013280</subfield>
  </datafield>
  <datafield tag="020" ind1=" " ind2=" ">
    <subfield code="a">1588295737 (alk. paper)</subfield>
  </datafield>
  <datafield tag="020" ind1=" " ind2=" ">
    <subfield code="a">9781588295736 (alk. paper)</subfield>
  </datafield>
  <datafield tag="082" ind1="0" ind2="0">
    <subfield code="a">570.28/25</subfield>
    <subfield code="2">22</subfield>
  </datafield>
  <datafield tag="100" ind1=" " ind2=" ">
    <subfield code="a">Kuo, John</subfield>
    <subfield code="b"></subfield>
    <subfield code="c"></subfield>
    <subfield code="d"></subfield>
    <subfield code="e"></subfield>
    <subfield code="q"></subfield>
  </datafield>
  <datafield tag="245" ind1="0" ind2="0">
    <subfield code="a">Electron microscopy :</subfield>
    <subfield code="b">methods and protocols /</subfield>
    <subfield code="c">John Kuo.</subfield>
  </datafield>
  <datafield tag="250" ind1=" " ind2=" ">
    <subfield code="a">2nd ed. /</subfield>
    <subfield code="b">edited by John Kuo.</subfield>
  </datafield>
  <datafield tag="260" ind1=" " ind2=" ">
    <subfield code="a">Totowa, N.J. :</subfield>
    <subfield code="b">Humana Press,</subfield>
    <subfield code="c">c2007.</subfield>
  </datafield>
  <datafield tag="300" ind1=" " ind2=" ">
    <subfield code="a">xv, 608 p. :</subfield>
    <subfield code="b">ill. ;</subfield>
    <subfield code="c">24 cm.</subfield>
  </datafield>
  <datafield tag="490" ind1="1" ind2=" ">
    <subfield code="a">Methods in molecular biology,</subfield>
    <subfield code="x">1064-3745 ;</subfield>
    <subfield code="v">369</subfield>
  </datafield>
  <datafield tag="500" ind1=" " ind2=" ">
    <subfield code="a">Rev. ed. of: Electron microscopy methods and protocols / edited by M.A. Nasser Hajibagheri. c1999.</subfield>
  </datafield>
  <datafield tag="504" ind1=" " ind2=" ">
    <subfield code="a">Includes bibliographical references and index.</subfield>
  </datafield>
  <datafield tag="505" ind1="0" ind2=" ">
    <subfield code="a">Conventional specimen preparation techniques for transmission electron microscopy of cultured cells / John J. Bozzola -- Processing biological tissues for ultrastructural study / Jos&#xFFFD; A. Mascorro and John J. Bozzola -- Processing plant tissues for ultrastructural study / John Kuo -- Microwave-assisted processing and embedding for transmission electron microscopy / Paul Webster -- Ultramicrotomy for biological electron microscopy / Herbert K. Hagler -- Poststaining grids for transmission electron microscopy : conventional and alternative protocols / E. Ann Ellis -- Negative staining of thinly spread biological samples / J. Robin Harris -- Recent advances in high-pressure freezing : equipment- and specimen-loading methods / Kent L. McDonald ... [et al.] --</subfield>
  </datafield>
  <datafield tag="505" ind1="0" ind2=" ">
    <subfield code="a">Cryoultramicrotomy : cryoelectron microscopy of vitreous sections / Dimitri Vanhecke, Luca Studer, and Daniel Studer -- Cell-free extract systems and the cytoskeleton : preparation of biochemical experiments for transmission electron microscopy / Margaret Coughlin, William M. Brieher, and Ryoma Ohi -- Electron microscopy in situ hybridization : tracking of DNA and RNA sequences at high resolution / Dusan Cmarko and Karel Koberna -- Correlative light and electron microscopy using immunolabeled resin sections / Heinz Schwarz and Bruno M. Humbel -- Cryosectioning fixed and cryoprotected biological material for immunocytochemistry / Paul Webster and Alexandre Webster -- Fluorescence-integrated transmission electron microscopy images : integrating fluorescence microscopy with transmission electron microscopy / Paul A. Sims and Jeff D. Hardin --</subfield>
  </datafield>
  <datafield tag="505" ind1="0" ind2=" ">
    <subfield code="a">Quantitative immunoelectron microscopy : alternative ways of assessing subcellular patterns of gold labelling / Terry M. Mayhew -- Electron crystallography of membrane proteins / Hui-Ting Chou, James E. Evans, and Henning Stahlberg -- Cryoelectron microscopy of icosahedral virus particles / Wen Jiang and Wah Chiu -- Three-dimensional reconstruction of chromosomes using electron tomography / Peter Engelhardt -- Whole-mount immunoelectron tomography of chromosomes and cells / Peter Engelhardt ... [et al.] -- Three-dimensional cryotransmission electron microscopy of cells and organelles / Michael Marko and Chyong-Ere Hsieh -- Electron energy-loss spectroscopy as a tool for elemental analysis in biological specimens / Nadine Kapp ... [et al.] -- Conventional specimen preparation techniques for scanning electron microscopy of biological specimens / John J. Bozzola --</subfield>
  </datafield>
  <datafield tag="505" ind1="0" ind2=" ">
    <subfield code="a">Variable pressure and environmental scanning electron microscopy : imaging of biological samples / Brendan J. Griffin -- Cryoplaning technique for visualizing the distribution of water in woody tissues by cryoscanning electron microscopy / Yasuhiro Utsumi and Yuzou Sano -- X-ray microanalysis in the scanning electron microscope / Godfrield M. Roomans and Anca Dragomir -- Botanical X-ray microanalysis in cryoscanning electron microscopy / Beat Frey -- Static secondary ion mass spectrometry for biological and biomedical research / Nicholas P. Lockyer -- Using SIMS and MIMS in biological materials : application to higher plants / Nicole Grignon.</subfield>
  </datafield>
  <datafield tag="650" ind1=" " ind2="0">
    <subfield code="a">Electron microscopy</subfield>
    <subfield code="v">Laboratory manuals.</subfield>
  </datafield>
  <datafield tag="650" ind1=" " ind2="0">
    <subfield code="a">Histology</subfield>
    <subfield code="x">Technique.</subfield>
  </datafield>
  <datafield tag="650" ind1="1" ind2="2">
    <subfield code="a">Microscopy, Electron</subfield>
    <subfield code="v">Laboratory Manuals.</subfield>
  </datafield>
  <datafield tag="650" ind1="2" ind2="2">
    <subfield code="a">Histocytological Preparation Techniques</subfield>
    <subfield code="v">Laboratory Manuals.</subfield>
  </datafield>
  <datafield tag="700" ind1="1" ind2=" ">
    <subfield code="a">Kuo, John.</subfield>
  </datafield>
  <datafield tag="730" ind1="0" ind2=" ">
    <subfield code="a">Electron microscopy methods and protocols.</subfield>
  </datafield>
  <datafield tag="830" ind1=" " ind2="0">
    <subfield code="a">Methods in molecular biology (Clifton, N.J.) ;</subfield>
    <subfield code="v">v. 369.</subfield>
  </datafield>
  <datafield tag="999" ind1=" " ind2=" ">
    <subfield code="c">6521</subfield>
    <subfield code="d">6521</subfield>
  </datafield>
  <datafield tag="952" ind1=" " ind2=" ">
    <subfield code="0">0</subfield>
    <subfield code="1">0</subfield>
    <subfield code="2">ddc</subfield>
    <subfield code="4">0</subfield>
    <subfield code="7">0</subfield>
    <subfield code="8">MAIN</subfield>
    <subfield code="a">RTCLIB</subfield>
    <subfield code="b">RTCLIB</subfield>
    <subfield code="c">MAIN</subfield>
    <subfield code="h"> </subfield>
    <subfield code="i">11571</subfield>
    <subfield code="l">0</subfield>
    <subfield code="o">570.28 KUO</subfield>
    <subfield code="p">30012998</subfield>
    <subfield code="r">2018-11-27 00:00:00</subfield>
    <subfield code="w">2018-11-27</subfield>
    <subfield code="y">MAIN</subfield>
  </datafield>
</record>
